Konflikt kvalifikácie pri aproximácii práva

Gespeichert in:
Bibliographische Detailangaben
1. Verfasser: Pitoňák, Andrej
Format: Buchkapitel
Sprache:Slowakisch
Tags: Tag hinzufügen
Keine Tags, Fügen Sie das erste Tag hinzu!

MARC

LEADER 00000naa$a2200000$$$4500
001 0062462
005 20240502071714.7
041 0 |a slo 
044 |a SK 
245 1 0 |a Konflikt kvalifikácie pri aproximácii práva  |c Andrej Pitoňák 
100 1 |a Pitoňák, Andrej